00608nam a2200181Ia 4500008004100000082001800041100001800059245002600077250000800103260002800111300001200139500002400151650001500175942000700190952010700197952010700304999001500411230524s9999 xx 000 0 und d a612.3812bGAN aK.A.Ganagdhar 0aElectric Power System a6TH aNEW DELHIbKhannac2004 aXII;959 aQuantity Number: 2 aElectrical cBK 00104070aTATCLbTATCLcGENd2023-05-24l0o612.3812 GANp6472r2023-05-24w2023-05-24yBKzCPEC5203 00104070aTATCLbTATCLcGENd2023-05-24l0o612.3812 GANp6473r2023-05-24w2023-05-24yBKzCPEC5203 c8722d8722